Największe miasta państw europejskich - Statystyki

Ogólne statystyki
  • Ten quiz został rozwiązany 30 razy
  • Średni wynik to 79 z 190
Statystyki odpowiedzi
Grupa Odpowiedź % Poprawnych
Francja Paryż
91%
Polska Warszawa
91%
Holandia Amsterdam
86%
Polska Kraków
86%
Czechy Praga
86%
Czarnogóra Bar
82%
Hiszpania Barcelona
82%
Niemcy Berlin
82%
Belgia Bruksela
82%
Portugalia Lizbona
82%
Hiszpania Madryt
82%
Francja Marsylia
82%
Niemcy Monachium
82%
Polska Poznań
82%
Bułgaria Sofia
82%
Albania Tirana
82%
Austria Wiedeń
82%
Litwa Wilno
82%
Chorwacja Zagrzeb
82%
Grecja Ateny
77%
Irlandia Dublin
77%
FInlandia Helsinki
77%
Dania Kopenhaga
77%
Polska Łódź
77%
Francja Lyon
77%
Białoruś Mińsk
77%
Norwegia Oslo
77%
Islandia Reykjavik
77%
Łotwa Ryga
77%
Polska Wrocław
77%
Szwajcaria Berno
73%
Słowacja Bratysława
73%
Czechy Brno
73%
Węgry Budapeszt
73%
Rumunia Bukareszt
73%
Wielka Brytania Londyn
73%
Słowenia Lublana
73%
Rosja Moskwa
73%
Rosja Petersburg
73%
Portugalia Porto
73%
Chorwacja Split
73%
Estonia Tallin
73%
Serbia Belgrad
68%
Holandia Haga
68%
Mołdawia Kiszyniów
68%
Czarnogóra Podgorica
68%
Holandia Rotterdam
68%
Grecja Saloniki
68%
Bośnia i Hercegowina Sarajewo
68%
HIszpania Sewilla
68%
Macedonia Północna Skopje
68%
Szwecja Sztokholm
68%
Hiszpania Walencja
68%
Belgia Antwerpia
64%
Niemcy Hamburg
64%
Ukraina Kijów
64%
Niemcy Kolonia
64%
Włochy Rzym
64%
Szwajcaria Zurych
64%
Szwajcaria Genewa
59%
Wielka Brytania Glasgow
59%
Litwa Kowno
59%
Włochy Mediolan
59%
Czechy Ostrawa
59%
Ukraina Charków
55%
Irlandia Cork
55%
Austria Innsbruck
55%
Austria Linz
55%
Szwecja Malmo
55%
Austria Salzburg
55%
Ukraina Donieck
50%
Holandia Eindhoven
50%
Austria Graz
50%
Litwa Kłajpeda
50%
Słowacja Koszyce
50%
Norwegia Trondheim
50%
Francja Tuluza
50%
Włochy Turyn
50%
Norwegia Bergen
45%
Portugalia Braga
45%
Belgia Gandawa
45%
Włochy Neapol
45%
Ukraina Odessa
45%
Czechy Pilzno
45%
Chorwacja Rijeka
45%
Hiszpania Saragossa
45%
Mołdawia Tyraspol
45%
Holandia Utrecht
45%
Wielka Brytania Birmingham
41%
Szwecja Goteborg
41%
Białoruś Grodno
41%
Słowenia Maribor
41%
Francja Nicea
41%
Finlandia Oulu
41%
Kosowo Prisztina
41%
Bułgaria Warna
41%
Chorwacja Zadar
41%
Szwajcaria Bazylea
36%
Bułgaria Burgas
36%
Niemcy Frankfurt nad Menem
36%
Białoruś Homel
36%
Rosja Kazań
36%
Rumunia Kluż-Napoka
36%
Serbia Nowy Sad
36%
Dania Odense
36%
Chorwacja Osijek
36%
Włochy Palermo
36%
Finlandia Turku
36%
Białoruś Witebsk
36%
Dania Aalborg
32%
Dania Aarhus
32%
Bośnia i Hercegowina Banja Luka
32%
Albania Durres
32%
Łotwa Dyneburg
32%
Czechy Liberec
32%
Bośnia i Hercegowina Mostar
32%
Finlandia Tampere
32%
Węgry Debreczyn
27%
Wielka Brytania Leeds
27%
Belgia Liege
27%
Estonia Narwa
27%
Rosja Nowosybirsk
27%
Bułgaria Płowdiw
27%
Norwegia Stavanger
27%
Estonia Tartu
27%
Słowacja Bańska Bystrzyca
23%
Belgia Charleroi
23%
Ukraina Dniepr
23%
Grecja Heraklion
23%
Rosja Jekaterynburg
23%
Łotwa Lipawa
23%
Białoruś Mohylew
23%
Litwa Poniewież
23%
Słowacja Preszów
23%
Słowacja Żylina
23%
Rumunia Jassy
18%
Łotwa Jełgawa
18%
Słowenia Koper
18%
Grecja Larisa
18%
Irlandia Limerick
18%
Szwajcaria Lozanna
18%
Serbia Nisz
18%
Estonia Parnawa
18%
Szwecja Uppsala
18%
Islandia Akureyri
14%
Mołdawia Bielce
14%
Słowenia Celje
14%
Islandia Keflavik
14%
Czarnogóra Niksic
14%
Grecja Patras
14%
Wielka Brytania Sheffield
14%
Litwa Szawle
14%
Rumunia Timisoara
14%
Albania Wlora
14%
Bośnia i Hercegowina Zenica
14%
Czarnogóra Cetynia
9%
Rumunia Konstanca
9%
Słowenia Kranj
9%
Kosowo Peć
9%
Bułgaria Ruse
9%
Macedonia Północna Tetowo
9%
Bośnia i Hercegowina Tuzla
9%
Mołdawia Bendery
5%
Macedonia Północna Bitola
5%
Dania Fredrikstad
5%
Portugalia Funchal
5%
Łotwa Jurmała
5%
Finlandia Jyvaskyla
5%
Albania Korcza
5%
Macedonia Północna Kumanowo
5%
Węgry Miszkolc
5%
Węgry Pecz
5%
Kosowo Prizren
5%
Węgry Segedyn
5%
Albania Szkodra
5%
Serbia Cacak
0%
Portugalia Coimbra
0%
Irlandia Dun Laoghaive
0%
Kosowo Gnijilane
0%
Islandia Hafnarfjorour
0%
Estonia Kohtla-Jarve
0%
Islandia Koparogur
0%
Serbia Kragujerac
0%
Kosowo Mitrowica
0%
Czarnogóra Pijevija
0%
Macedonia Północna Prilep
0%
Mołdawia Rybnica
0%
Norwegia Sarpsborg
0%
Szwecja Vasteras
0%
Irlandia Waterford
0%
Nie znaleziono quizów pasujących do podanych kryteriów
Rozkład punktacji
Procent ludzi z każdym wynikiem
Percentyl według liczby udzielonych odpowiedzi
Twoja historia wyników
Nie rozwiązałeś tego quizu